Saintly World Cities - Statistics

General Stats
  • This quiz has been taken 59 times
  • The average score is 12 of 15
Answer Stats
Country Population (Metro) City % Correct
Brazil 21.5 million São Paulo
100%
Russia 5.3 million Saint Petersburg
96%
United States (California) 4.7 million San Francisco
96%
Chile 6.2 million Santiago
96%
United States (Texas) 2.6 million San Antonio
94%
United States (California) 3.3 million San Diego
94%
Costa Rica 2.2 million San José
94%
United States (California) 2.0 million San Jose
94%
El Salvador 2.2 million San Salvador
94%
Dominican Republic 3.8 million Santo Domingo
94%
United States (Missouri) 2.8 million Saint Louis
91%
Puerto Rico 2.4 million San Juan
83%
Bolivia 1.4 million Santa Cruz de la Sierra
53%
Brazil 1.6 million São Luís
32%
Mexico 1.1 million San Luis Potosí
26%
No matching quizzes found
Score Distribution
Percent of People with Each Score
Percentile by Number Answered
Your Score History
You have not taken this quiz